| 000 | 00528cam a22002054a 4500 | ||
|---|---|---|---|
| 005 | 20250605164310.0 | ||
| 008 | 250528s ||||||||||||||||||||||||d | ||
| 035 | _a22449 | ||
| 020 | _a9789603320715 | ||
| 040 |
_aGR-AtMCL _bgre _dGR-AtMCL _eAACR2 |
||
| 245 | 1 | _aΟΔΗΓΟΣ ΤΗΣ MICROSOFT ΓΙΑ ΤΑ WINDOWS NT | |
| 250 | _a1 | ||
| 260 |
_bΚλειδάριθμος, _c1994 |
||
| 300 | _a863 | ||
| 700 | 1 |
_aSiechert Carl _98274 |
|
| 700 | 1 |
_aStinson Graig _98275 |
|
| 942 | _cBK | ||
| 999 |
_c7501 _d7501 |
||